What the dinosaurs saw : (Record no. 342837)
[ view plain ]
| 000 -LEADER | |
|---|---|
| fixed length control field | 00573nam a2200217Ia 4500 |
| 008 - FIXED-LENGTH DATA ELEMENTS--GENERAL INFORMATION | |
| fixed length control field | 170918s9999 xx 000 0 und d |
| 020 ## - INTERNATIONAL STANDARD BOOK NUMBER | |
| International Standard Book Number | 9780590371282 |
| 050 ## - LIBRARY OF CONGRESS CALL NUMBER | |
| Item number | S341 1998 |
| 100 ## - MAIN ENTRY--PERSONAL NAME | |
| Personal name | Schlein, Miriam |
| 245 ## - TITLE STATEMENT | |
| Title | What the dinosaurs saw : |
| 245 ## - TITLE STATEMENT | |
| Remainder of title | animals living then and now / |
| 245 ## - TITLE STATEMENT | |
| Statement of responsibility, etc | by Miriam Schlein ; illustrated by Carol Schwarts. |
| 260 ## - PUBLICATION, DISTRIBUTION, ETC. (IMPRINT) | |
| Place of publication, distribution, etc | New York : |
| 260 ## - PUBLICATION, DISTRIBUTION, ETC. (IMPRINT) | |
| Name of publisher, distributor, etc | Scholastic, |
| 260 ## - PUBLICATION, DISTRIBUTION, ETC. (IMPRINT) | |
| Date of publication, distribution, etc | 1998 |
| 300 ## - PHYSICAL DESCRIPTION | |
| Extent | unpaged : |
| 300 ## - PHYSICAL DESCRIPTION | |
| Other physical details | colored illustration ; |
| 300 ## - PHYSICAL DESCRIPTION | |
| Dimensions | 23cm. |
| 440 ## - SERIES STATEMENT/ADDED ENTRY--TITLE | |
| Title | Hello science reader! |
| 500 ## - GENERAL NOTE | |
| General note | 480 |
| Withdrawn status | Lost status | Damaged status | Home library | Current library | Date acquired | Total Checkouts | Full call number | Barcode | Date last seen | Price effective from | Koha item type |
|---|---|---|---|---|---|---|---|---|---|---|---|
| Stonyhurst Southville International School (Malarayat) | Stonyhurst Southville International School (Malarayat) | 09/18/2017 | LEX S341 1998 | SSISM1909 | 09/18/2017 | 09/18/2017 | Lexile |